[Event "Porto San Giorgio op-A 21st"]
[Site "Porto San Giorgio"]
[Date "2009.08.21"]
[Round "1"]
[White "Movsziszian, Karen"]
[Black "Vanacore, Francesco"]
[Result "1-0"]
[WhiteElo "2570"]
[BlackElo "2055"]
[PlyCount "67"]
[EventDate "2009.08.21"]
[EventType "swiss"]
[EventRounds "9"]
[EventCountry "ITA"]
[SourceTitle "CBM 131 Extra"]
[Source "ChessBase"]
[SourceDate "2009.09.03"]
[SourceVersion "2"]
[SourceVersionDate "2009.09.16"]
[SourceQuality "1"]

1. g3 Nf6 2. Bg2 g6 3. e4 d6 4. d4 Bg7 5. Ne2 0-0 6. Nbc3 e5 7. h3 c6 8. a4 a5 9. Be3 Be6 10. 0-0 Nbd7 11. d5 cxd5 12. exd5 Bf5 13. g4 Bxg4 14. hxg4 Nxg4 15. Bh3 Nxe3 16. fxe3 Qg5+ 17. Kh2 Nf6 18. e4 Ng4+ 19. Bxg4 Qxg4 20. Ng3 Qh4+ 21. Kg2 Qg5 22. Qc1 Qg4 23. Nd1 Qd7 24. Qg5 f6 25. Qh4 Rf7 26. Qh3 Qc7 27. Nc3 Qb6 28. Nb5 Qc5 29. Qe6 Rd8 30. Rf2 Kf8 31. Ra3 Re7 32. Qh3 Kg8 33. Rc3 Qb4 34. b3 1-0

[Event "Bisaccia op"]
[Site "Bisaccia"]
[Date "2009.05.30"]
[Round "2"]
[White "Galasso, Luigi"]
[Black "Vanacore, Francesco"]
[Result "1/2-1/2"]
[WhiteElo "1975"]
[BlackElo "2050"]
[PlyCount "27"]
[EventDate "2009.05.29"]
[EventType "swiss"]
[EventRounds "7"]
[EventCountry "ITA"]
[SourceTitle "EXT 2011"]
[Source "ChessBase"]
[SourceDate "2010.11.26"]
[SourceVersion "1"]
[SourceVersionDate "2010.11.26"]
[SourceQuality "1"]

1. c4 c6 2. g3 Nf6 3. Bg2 d5 4. b3 Bf5 5. Nf3 e6 6. 0-0 Nbd7 7. Bb2 Be7 8. d3 0-0 9. Nbd2 Qc7 10. Rc1 Bg6 11. cxd5 Nxd5 12. Nc4 Bf6 13. Ba3 Be7 14. Bb2 1/2-1/2

[Event "Bisaccia op"]
[Site "Bisaccia"]
[Date "2009.05.29"]
[Round "1"]
[White "Vanacore, Francesco"]
[Black "Inkiov, Ventzislav"]
[Result "0-1"]
[WhiteElo "2050"]
[BlackElo "2471"]
[PlyCount "79"]
[EventDate "2009.05.29"]
[EventType "swiss"]
[EventRounds "7"]
[EventCountry "ITA"]
[SourceTitle "EXT 2011"]
[Source "ChessBase"]
[SourceDate "2010.11.26"]
[SourceVersion "1"]
[SourceVersionDate "2010.11.26"]
[SourceQuality "1"]

1. e4 c5 2. Nf3 e6 3. c3 Nf6 4. h3 g6 5. Bd3 Bg7 6. Bc2 e5 7. d3 0-0 8. 0-0 Nc6 9. Na3 h6 10. Be3 Qe7 11. Qd2 Kh7 12. Nh2 d5 13. exd5 Nxd5 14. f4 Be6 15. Nf3 exf4 16. Bxf4 Nxf4 17. Qxf4 Bd5 18. Rae1 Qd7 19. Nc4 Rae8 20. a4 Kg8 21. Ne3 Be6 22. Ng4 Bxg4 23. hxg4 Qd5 24. g5 h5 25. Re4 Rxe4 26. dxe4 Qa2 27. Qc1 Qc4 28. Qe3 Re8 29. Nd2 Qa6 30. Bb3 Ne5 31. Qxc5 Bf8 32. Qd5 Qb6+ 33. Kh2 Qc7 34. Rf6 Rd8 35. Qb5 Rxd2 36. Qe8 Rd8 37. Bxf7+ Kh8 38. Qb5 Rd1 39. Rf1 Rxf1 40. Qxf1 0-1

[Event "Torre del Greco op"]
[Site "Torre del Greco"]
[Date "2006.09.09"]
[Round "7"]
[White "Vanacore, Francesco"]
[Black "Piro, Valerio"]
[Result "1/2-1/2"]
[WhiteElo "2055"]
[BlackElo "2114"]
[PlyCount "123"]
[EventDate "2006.09.03"]
[EventType "swiss"]
[EventRounds "9"]
[EventCountry "ITA"]
[SourceTitle "EXT 2007"]
[Source "ChessBase"]
[SourceDate "2006.11.23"]
[SourceVersion "1"]
[SourceVersionDate "2006.11.23"]
[SourceQuality "1"]

1. e4 c6 2. d4 d5 3. e5 Bf5 4. Bd3 Bxd3 5. Qxd3 e6 6. f4 Ne7 7. Nf3 h5 8. c3 Nf5 9. 0-0 Qb6 10. a3 Qa6 11. Qxa6 Nxa6 12. b4 b6 13. Re1 c5 14. Be3 c4 15. Nbd2 b5 16. Nf1 Be7 17. a4 bxa4 18. Rxa4 Nc7 19. Bd2 Kd7 20. Ne3 Nxe3 21. Rxe3 Rhb8 22. Re1 Rb5 23. Rea1 a6 24. Ne1 Kc6 25. Kf2 Rb7 26. Ke2 Rba7 27. Nc2 Kb6 28. Ra5 Nb5 29. Kd1 Kb7 30. Kc1 Bd8 31. R5a4 a5 32. Kb2 Kb6 33. bxa5+ Rxa5 34. Rxa5 Rxa5 35. Rxa5 Kxa5 36. Na3 Na7 37. Ka2 Ka4 38. Bc1 Be7 39. Nc2 Nb5 40. Bd2 Bd8 41. Kb2 Ba5 42. h4 Bd8 43. g3 Ba5 44. Be1 Na7 45. Bd2 Kb5 46. Ne3 Kc6 47. Kc2 Nb5 48. Nd1 Kd7 49. Ne3 Ke7 50. Nd1 f6 51. Ne3 fxe5 52. fxe5 Kf7 53. Ng2 Bd8 54. Nf4 g6 55. Nh3 Ba5 56. Nf4 Bd8 57. Nh3 Be7 58. Nf4 Bf8 59. Nh3 Nc7 60. Ng5+ Kg7 61. Nh3 Kf7 62. Ng5+ 1/2-1/2